00288nam a2200121Ia 4500008004100000041000900041082001700050100002600067245001800093260003900111300000800150650000800158230718s9999 xx 000 0 und d aEng. a34603bSAE-L aSaeed, Muhammad Waqar 0aLaw of tests  aPakistanbManzoor book housec2000 a464 aLaw